Auditoria baseada em riscos : (Record no. 89)

MARC details
000 -LÍDER
Campo Fixo de Controle 00954cam a2200277 a 4500
001 - NÚMERO DE CONTROLE
Campo de Controle 89
003 - IDENTIFICAÇÃO DO NÚMERO DE CONTROLE
Campo de Controle BR-CuiBMT
005 - DATA E HORA DA ÚLTIMA ATUALIZAÇÃO
Campo de Controle 20231111000357.0
008 - DADOS FIXOS
Dados Fixos 230810s2022 mgba 000 0 por d
020 ## - INTERNATIONAL STANDARD BOOK NUMBER
Nº do ISBN 9786555183719
040 ## - AGÊNCIA CATALOGADORA
Código da Agência Catalogadora BR-CuiBMT
Agência que transcreveu o registro BR-CuiBMT
080 ## - Nº DA CLASSIFICAÇÃO DECIMAL UNIVERSAL
Nº edição CDU 2007
Nº Class. CDU 657.63
090 ## - NÚMERO DE CHAMADA
Nº classificação 657.63
Cutter S729a
100 1# - ENTRADA PRINCIPAL -- AUTOR PESSOAL
Nome pessoal Souza, Kleberson Roberto de
245 10 - TÍTULO PRINCIPAL
Título principal Auditoria baseada em riscos :
Subtítulo como agregar valor e melhorar as operações de uma organização /
Indicação de responsabilidade Kleberson Roberto de Souza, Franklin Brasil Santos ; Sergio Filgueiras de Paula prefácio.
260 ## - PUBLICAÇÃO, DISTRIBUIÇÃO, ETC.
Local de publicação Belo Horizonte :
Editora Fórum,
Data 2022.
300 ## - DESCRIÇÃO FÍSICA
N. páginas ou volumes 196 p. :
Ilustrações il. ;
Dimensões 22 cm
504 ## - NOTA DE BIBLIOGRAFIA, ETC.
Nota de bibliografia Inclui bibliografia.
590 ## - NOTA LOCAL
Campo de ligação e número de sequência A Biblioteca possui a 1. reimpr. 2022.<br/>
650 ## - ASSUNTO TÓPICO
Cabeçalho tópico ou nome geográfico Gestão de riscos
Subdivisão geral Auditoria
650 ## - ASSUNTO TÓPICO
Cabeçalho tópico ou nome geográfico Administração de risco
650 ## - ASSUNTO TÓPICO
Cabeçalho tópico ou nome geográfico Auditoria governamental
650 ## - ASSUNTO TÓPICO
Cabeçalho tópico ou nome geográfico Governança pública
700 1# - ENTRADA SECUNDÁRIA -- NOME PESSOAL
Nome pessoal Santos, Franklin Brasil
942 ## - ELEMENTOS DE ENTRADA ADICIONAIS (KOHA)
Fonte de classificação ou esquema de arquivamento Classificação Decimal Universal
Tipo de item do Koha Livros
Holdings
Estado: removido Estado: perdido Fonte de classificação ou esquema de arquivamento Estado: danificado Indisponível para empréstimo Localização permanente Localização atual Data de aquisição Total Checkouts Número de Chamada completo Código de barras Date last seen Número do exemplar Preço efetivo a partir de Tipo de item (Koha) Nota pública
    Classificação Decimal Universal     Biblioteca da Escola Superior de Contas do TCE/MT Biblioteca da Escola Superior de Contas do TCE/MT 28/06/2023   657.63 S729a BIBTCEMT23080064 10/08/2023 Ex. 1 10/08/2023 Livros 1. reimpr. 2022
    Classificação Decimal Universal     Biblioteca da Escola Superior de Contas do TCE/MT Biblioteca da Escola Superior de Contas do TCE/MT 22/11/2023   657.63 S729a BIBTCEMT23110826 22/11/2023 Ex. 2 22/11/2023 Livros  

Powered by Koha